Estudio socio-económico: situación de las fábricas, depósitos y vendedores ambulantes de helados

Estudio socio-económico que da a conocer la situación de las fábricas y depósitos de helados, y sus vendedores ambulantes, en la ciudad de Guatemala, para la determinación del salario mínimo, contiene información sobre empresas y depósitos de helados: ingresos, costos, situación financiera, y vended...

Descripció completa

Guardat en:
Dades bibliogràfiques
Autor corporatiu: Guatemala. Ministerio de Trabajo y Previsión Social. Comisión Nacional del Salario
Format: Text
Publicat: Guatemala: MTPS
Matèries:
Etiquetes: Afegir etiqueta
Sense etiquetes, Sigues el primer a etiquetar aquest registre!

MARC

LEADER 00000 a a2200000 04500
001 19853
003
040
090 |a 080400  
110 |a Guatemala. Ministerio de Trabajo y Previsión Social. Comisión Nacional del Salario  
245 |a Estudio socio-económico: situación de las fábricas, depósitos y vendedores ambulantes de helados  
260 |a Guatemala:   |b MTPS  
300 |a 87 p.  
520 |a Estudio socio-económico que da a conocer la situación de las fábricas y depósitos de helados, y sus vendedores ambulantes, en la ciudad de Guatemala, para la determinación del salario mínimo, contiene información sobre empresas y depósitos de helados: ingresos, costos, situación financiera, y vendedores ambulantes, tanto de fábricas como de depósitos./ACM  
650 |a GUATEMALA  
650 |a SALARIO MINIMO  
650 |a DETERMINACION DEL SALARIO  
650 |a VENDEDORES  
650 |a VENDEDORES AMBULANTES  
999 |c 13327  |d 13327